Proverbs 3:5-7 Quiz Stats

 Plays Quiz not verified by Sporcle

Challenge
Share
Tweet
Embed
Score 0/41 Timer 05:00
0 Plays Today
Proverbs 3:5-7 (KJV) % Correct
the
98%
and
98%
and
98%
the
98%
and
98%
Lord
86.7%
Lord,
86.7%
he
86.4%
in
85.7%
In
85.7%
in
85.7%
thine
84.4%
thine
84.4%
thy
84.4%
thy
84.4%
thine
84.4%
all
81%
all
81%
Trust
78.6%
heart;
77.2%
with
76.9%
Proverbs 3:5-7 (KJV) % Correct
not
76.9%
not
76.9%
unto
74.1%
own
70.1%
own
70.1%
ways
68.7%
shall
68.4%
him,
68%
lean
63.9%
understanding.
63.6%
paths.
57.8%
acknowledge
56.8%
direct
50.7%
Be
46.6%
wise
26.9%
from
26.5%
fear
25.5%
evil.
24.8%
eyes:
23.1%
depart
16%

You're not logged in!

Compare scores with friends on all Sporcle quizzes.
OR
Log In

You Might Also Like...

Show Comments

Extras

Top Quizzes Today


Score Distribution

Your Account Isn't Verified!

In order to create a playlist on Sporcle, you need to verify the email address you used during registration. Go to your Sporcle Settings to finish the process.

Report this User

Report this user for behavior that violates our Community Guidelines.

Details: